01017 2200181 4500001002100000005001500021035002000036245006600056100002100122250001700143300003200160260003400192082001000226084001600236020002200252650001800274520054300292INLIS00000000000059920240822101923 a0010-08240001171 aCerita Rakyat dari Wonogiri (Jawa Tengah) /cParpal Poerwanto0 aParpal Poerwanto acetakan ke-1 avi, 72 hlm :bIlus ;c21 cm aJakarta :bPT Grasindo,c2009 a398.2 a398.2 PAR c a978-979-025-733-7 4aCerita Rakyat aCerita rakyat adalah cerita yang berasal dan berkembang dalam masyarakat. Cerita rakyat ada dua jenis: puisi dan prosa. Cerita rakyat dalam bentuk prosa terdiri dari dongeng, legenda, dan mite. Dalam buku ini dimuat sepuluh cerita rakyat yang berasal dari kabupaten Wonogiri. Diantaranya "Asal usul nama Wonogiri", "Legenda Masjid Wonokerso", dan "Legenda Hutan Donoloyo". Cara penyajian yang menarik dan sederhana membuat buku ini perlu dibaca oleh anak-anak. Orang tua dan guru, dan peminat cerita rakyat pun dapat menikmati buku ini.